| 000 | 00517nam a2200181Ia 4500 | ||
|---|---|---|---|
| 005 | 20250923145301.0 | ||
| 008 | 008 250917s9999 xx 000 0 eng d | ||
| 037 | _aTextual | ||
| 040 |
_aDSWL _beng _cDSWL |
||
| 041 |
_aeng _2eng |
||
| 084 |
_aY33.1, N62 _qDSWL |
||
| 100 |
_aBoskoff, Alvin _9833662 |
||
| 245 | 0 |
_aSociology of Urban Regions _cby Alvin Toffler |
|
| 260 |
_aNew York _bAppleton Century Crafts _c1962 |
||
| 300 | _axiv,370p. | ||
| 942 |
_cTEXL _hY33.1, N62 |
||
| 999 |
_c1449451 _d1449451 |
||